000 00679nam a2200277Ia 4500
005 20260324132728.0
008 008 260324s9999 xx 000 0 eng d
020 _a9780429209499
037 _aEBOOK
040 _aCRL
040 _beng
040 _cCRL
041 _2eng
041 _aeng
084 _qCRL
100 _aPatrick L. Anderson
_91190396
245 0 _aBusiness Economics and Finance with MATLAB, GIS, and Simulation Models
260 _bTaylor and Francis
260 _c2004
365 _a
365 _b385
856 _uhttp://www.taylorfrancis.com/books/9780429209499
942 _cEBOOK
999 _c1788744
_d1788744